|
|
|
|
| LEADER |
01417nam a22003372a 4500 |
| 001 |
000262310 |
| 003 |
CZ BrMZK |
| 005 |
20130320111752.0 |
| 007 |
ta |
| 008 |
950101s1971 xr f cze d |
| 015 |
|
|
|a cnb000434518
|
| 035 |
|
|
|a (OCoLC)42171937
|
| 040 |
|
|
|a ABA001
|b cze
|c PNA001
|d ABA001
|d BOA001
|
| 080 |
9 |
|
|a 301.001:339.4-053.9(437-22)(082)
|
| 100 |
1 |
|
|a Kaufman, Bohdan
|7 jk01053249
|4 aut
|
| 245 |
1 |
0 |
|a Výzkum života a potřeb starých občanů.
|n Díl 2,
|p Venkovské obyvatelstvo /
|c Bohdan Kaufman, Věra Schimmerlingová
|
| 246 |
3 |
0 |
|a Venkovské obyvatelstvo
|
| 260 |
|
|
|a Praha :
|b Výzkum. ústav soc. zabezpečení,
|c 1971
|
| 300 |
|
|
|a 204 s. ;
|c 8°
|
| 490 |
1 |
|
|a Sborník výzkumných a studijních prací ;
|v Čís. 44
|
| 500 |
|
|
|a Neprodejné
|
| 500 |
|
|
|a Dodatek k 1. a 2. dílu naps. Helena Zemanová
|
| 504 |
|
|
|a Obsahuje bibliografii a bibliografické odkazy
|
| 546 |
|
|
|a Anglické, německé a ruské resumé
|
| 700 |
1 |
|
|a Schimmerlingová, Věra
|7 jk01110944
|4 aut
|
| 810 |
2 |
|
|a Výzkumný ústav sociálního zabezpečení.
|t Sborník výzkumných a studijních prací
|
| 910 |
|
|
|a BOA001
|b 2-0697.490,2
|
| 990 |
|
|
|a BK
|
| 991 |
|
|
|b 201303
|
| 996 |
7 |
|
|b 2619694022
|c 2-0697.490,2
|l Sklad H1
|r Sklad / do 24 hodin
|n 1
|h HS212
|w 000262310
|u 000020
|a 1
|e BOA001
|j MZK50
|s A
|
| 996 |
7 |
|
|b 2619873591
|c 2-0697.490,2
|l Sklad H1
|r Sklad / do 24 hodin
|n 5
|h HS212
|w 000262310
|u 000010
|a 1
|e BOA001
|j MZK50
|s A
|